000 00732nam a2200241Ia 4500
003 OSt
005 20221006165941.0
006 a|||||r|||| 00| 0
007 ta
008 221006b |||||||| |||| 00| 0 hin d
024 _a7,519
037 _cDissertations
040 _aFML
_cFML
_bhin
041 _2hin
_ahin
100 _aRawat Suman Au.
_9680830
110 _aDelhi University. Faculty of Music and Fine Arts. Department of Music
245 0 _aUttarakhand Main Jaunsar - Bavar Lok Sangeet
_b Ek Aadhyayan
260 _c2012
300 _a114
_ccm.
700 _aDelhi University. Faculty of Music and Fine Arts. Department of Music
942 _cDIS
_2CC
999 _c1122546
_d1122546